000 00442pab a2200169 454500
008 180718b2014 xxu||||| |||| 00| 0 eng d
100 _aMao, Akha K.
245 _aGyanshakti an 'Write for Unity': Two examples of electoral campaign by 'Other' means
260 _c2014
300 _ap.69-80.
362 _aMay-Jun
650 _aElections
700 _aChahil, Manoj K.
773 _aSocial Scientist
908 _aN
909 _a105926
999 _c105921
_d105921